000 00476nam a22001811a 4500
001 18710
003 OSt
005 20260204212419.0
008 180509s2004||||ck ||||||b||||||||||spa||
020 _a9589670997
082 _a624 OS83m
100 _aOsorio,Jesús David
245 _aManual de control de calidad del concreto en la obra/Jesús David Osorio
264 _aBogotá:Asocreto
300 _a46 p
650 _aIngeniería 2.Calidad-ConcretoÌ
942 _2ddc
_cBK
999 _c18710
_d18710